Unión : Revista de Literatura y Arte, Edición Continental : enero 1991 /
Contiene: 1) Reynaldo González: Manuel Puig harto de equívocos; 2) Jorge Domingo: La novela cubana de los ochenta; 3) Roberto Méndez: Hacia una poética de la danza en el fuego; 4) Senel Paz: El bosque, el lobo y el hombre nuevo; 5) Luis Agüero: Enriqueta o la muerte enteramente desnuda; 6) César Lóp...
Gespeichert in:
| Weitere Verfasser: | |
|---|---|
| Format: | Buch |
| Sprache: | Spanisch |
| Veröffentlicht: |
La Habana, Cuba :
Unión, Revista de Literatura y Arte,
1991
|
| Schriftenreihe: | (Unión: Revista de Literatura y Arte)
|
| Schlagworte: | |
| Tags: |
Keine Tags, Fügen Sie das erste Tag hinzu!
|
MARC
| LEADER | 00000nam^a2200000^a^4500 | ||
|---|---|---|---|
| 001 | 000630252 | ||
| 005 | 20260413000000.0 | ||
| 009 | 20260413195720.733 | ||
| 022 | |a 0041-6770 | ||
| 037 | |a Acervo ITESO - Biblioteca | ||
| 041 | |a ESP | ||
| 082 | |a 805. |b UNI CON | ||
| 245 | 0 | 0 | |a Unión : |b Revista de Literatura y Arte, Edición Continental : enero 1991 / |c Dir. de P.A. Fernández. |
| 264 | 1 | |a La Habana, Cuba : |b Unión, Revista de Literatura y Arte, |c 1991 | |
| 300 | |a 94 p. | ||
| 336 | |a texto |b txt |2 rdacontenido | ||
| 337 | |a sin mediación |b n |2 rdamedio | ||
| 338 | |a volumen |b nc |2 rdasoporte | ||
| 440 | 1 | |a (Unión: Revista de Literatura y Arte) | |
| 520 | |a Contiene: 1) Reynaldo González: Manuel Puig harto de equívocos; 2) Jorge Domingo: La novela cubana de los ochenta; 3) Roberto Méndez: Hacia una poética de la danza en el fuego; 4) Senel Paz: El bosque, el lobo y el hombre nuevo; 5) Luis Agüero: Enriqueta o la muerte enteramente desnuda; 6) César López: Fugados, decapitados, Golondrinas; 7) José Lezama Lima: Hallazgo, encuentro, descubrimientos; 8) Elena Poniatowska: Tinísima; 9) Miguel Barnet: Poemas Berlineses; 10) Reyna María Rodríguez: Violet Island; 11) Eduarto López Morales: Poemas del regreso de Ulises; 12) Orlando Castellanos: Yo estuve siempre aquí, estoy aquí desde hace muchos años; 13) Abilio Estévez: Italia es un sueño; 14) Bárbara Jacobs: Orígen y destino. | ||
| 567 | |a Catalogación rápida | ||
| 649 | |a XX | ||
| 650 | |a Literatura - |x Publicaciones Periódicas - |x Tema Principal | ||
| 650 | |a Publicaciones Periódicas Cubanas | ||
| 650 | |a Publicaciones Periódicas | ||
| 700 | |a Fernández, Pablo Armando |e (dirección) | ||
| 910 | |a Fondo Castillo-Martínez | ||
| 920 | |a Impresos - Libros | ||
| 930 | |a Fondos Especiales | ||
| 940 | |a Literatura | ||
| 905 | |a 127 | ||
| 901 | |a 630252-10 |b IT2 |c ESP |i D127700 |u 20260413 | ||
| 902 | |a https://opac.biblio.iteso.mx/vufind/Record/000630252 | ||